Star Wars Sequel Trilogy Characters by Picture - Statistics

General Stats
  • This quiz has been taken 590 times
  • The average score is 18 of 24
Answer Stats
Picture Answer % Correct
Rey Skywalker
99%
Chewbacca
94%
Finn
94%
Han Solo
94%
Kylo Ren
94%
BB-8
93%
C-3PO
93%
General Leia Organa
93%
Luke Skywalker
93%
R2-D2
93%
Yoda
93%
Emperor Palpatine
91%
Lando Calrissian
89%
Poe Dameron
89%
Supreme Leader Snoke
83%
Captain Phasma
75%
General Hux
71%
Rose Tico
70%
Maz Kanata
58%
Porg
49%
Vice-Admiral Holdo
43%
Zorii Bliss
27%
Jannah
22%
Lor San Tekka
19%
No matching quizzes found
Score Distribution
Percent of People with Each Score
Percentile by Number Answered
Your Score History
You have not taken this quiz